000 00878ctc a22002295a 4500
001 L141088
008 071026i17921825xxk eng u
035 _a(Sirsi) u141088
041 0 _aeng
100 1 _aBullock, Samuel
245 0 1 _a[Collection of correspondence related to works at Charterhouse]
_h[manuscript]
260 _a1792 and 1825
300 _a2 items
_c23 x 19 cm. +
_e2 leaves (16 x 10 cm.)
340 _aInk on paper
351 _cFonds
500 _aItem consists of a surveyors report on work carried out by Springet, written on 23 January 1792 by Samuel Bullock, and a recommedation for payment for work carried out written by Redmond W. Pilkington on 12 October 1825.
500 _aItem is accompanied by a letter from the donor dated 28 April 1944.
651 4 _aSurrey
690 _aPROPERTY
700 1 _aPilkington, Redmond W.
942 _n0
999 _c116581
_d116581